Early Mesopotamia and Iran /

محفوظ في:

المؤلف الرئيسي: Mallowan, M. E. L. (مؤلف)

التنسيق: كتاب

اللغة: English

منشور في: London : Thames and Hudson, 1965.

سلاسل: Library of the early civilizations.

الموضوعات:

الوسوم: إضافة وسم

لا توجد وسوم, كن أول من يضع وسما على هذه التسجيلة!

رقم الطلب: DS72 .M3 1965

LEADER 00863cam a22002531i 4500
003 OSt
005 20241020083247.0
008 711124s1965 enkab b 001 0 eng
999 |c 55185  |d 55185 
040 |c ARCE Library 
043 |a a-iq---  |a a-ir--- 
050 4 |a DS72 .M3 1965 
100 1 |a Mallowan, M. E. L.  |q (Max Edgar Lucien),  |e author 
245 1 0 |a Early Mesopotamia and Iran /  |c M. E. L. Mallowan. 
264 1 |a London :   |b Thames and Hudson,   |c 1965. 
300 |a 142 pages :  |b illustrations (some color) map ;   |c 22 cm. 
490 0 |a Library of the early civilizations. 
500 |a "Originally written as a chapter in ... The Dawn of civilization." 
504 |a Includes bibliographical references (page 133) and index. 
650 0 |a Sumerians. 
651 0 |a Iran   |x Antiquities. 
651 0 |a Iran   |x History   |y To 640. 
901 |a reviewed 
942 |2 lcc  |c BK